000 00544nam a22001937a 4500
003 koha_MIRAKIL
005 20231213100006.0
008 231213b |||||||| |||| 00| 0 ||| d
020 _b978-6-05-106386-7
040 _aTR-IsEVY
_btur
_cTR-IsEVY
082 _a530.12 HAW/Z
100 _aHawking, William Stephen.
245 0 _aZamanın ve uzayın doğası
_biçinde yaşadığımız evrenin gerçekliği
260 _bAlfa Yayınları,
_c2011
300 _ax., 148 s.
650 _aCosmology.
650 _aKozmoloji.
942 _2ddc
_cBK
999 _c12752
_d12752